[Event "Moscow Smyslov-B"]
[Site "Moscow"]
[Date "2025.06.02"]
[Round "1"]
[White "Betenev, Artem Dm"]
[Black "Kudrin, Ivan"]
[Result "1/2-1/2"]
[WhiteElo "1879"]
[BlackElo "1946"]
[PlyCount "82"]
[EventDate "2025.06.02"]
[EventType "swiss"]
[EventRounds "8"]
[EventCountry "RUS"]
[SourceTitle "CB29_2025"]
[SourceDate "2025.07.16"]
[SourceVersion "1"]
[SourceVersionDate "2025.07.16"]
[SourceQuality "1"]

1. e4 e6 2. d4 d5 3. Nd2 h6 4. Bd3 c5 5. c3 Nc6 6. Ne2 cxd4 7. cxd4 dxe4 8. Nxe4 Nf6 9. 0-0 Be7 10. Nxf6+ Bxf6 11. Be3 Bd7 12. Re1 Nb4 13. Be4 Bc6 14. Bxc6+ Nxc6 15. Qb3 Qb6 16. Qa3 Qb4 17. Qxb4 Nxb4 18. Red1 0-0 19. a3 Nd5 20. Rac1 Rac8 21. Rxc8 Rxc8 22. Rc1 Rxc1+ 23. Nxc1 Kf8 24. h3 Ke7 25. Kf1 Kd6 26. Ke2 g5 27. Kd3 Bg7 28. Ne2 f5 29. f3 Nxe3 30. Kxe3 h5 31. Kd3 h4 32. Kc4 Kc6 33. a4 b6 34. b4 a6 35. b5+ axb5+ 36. axb5+ Kd6 37. Nc1 e5 38. dxe5+ Bxe5 39. Nd3 Bh2 40. Nb4 Bg1 41. Nd3 Be3 1/2-1/2

[Event "Nizhnij Novgorod op"]
[Site "Nizhnij Novgorod"]
[Date "2012.10.07"]
[Round "2"]
[White "Smirnova, Anastasia"]
[Black "Kudrin, Ivan"]
[Result "1-0"]
[WhiteElo "2079"]
[BlackElo "1887"]
[PlyCount "99"]
[EventDate "2012.10.06"]
[EventType "swiss"]
[EventRounds "9"]
[EventCountry "RUS"]
[SourceTitle "EXT 2013"]
[Source "ChessBase"]
[SourceDate "2012.11.22"]
[SourceVersion "1"]
[SourceVersionDate "2012.11.22"]
[SourceQuality "1"]

1. d4 Nf6 2. c4 e6 3. Nc3 d5 4. cxd5 exd5 5. Bg5 Nbd7 6. e3 c6 7. Bd3 Bb4 8. Nge2 0-0 9. Qc2 h6 10. Bh4 Re8 11. 0-0 Bd6 12. Bg3 Bxg3 13. Nxg3 Nf8 14. Rae1 Ne6 15. f3 h5 16. Qf2 Ng5 17. f4 Ng4 18. Qd2 h4 19. Nh5 Ne4 20. Bxe4 dxe4 21. h3 Nh6 22. f5 Qg5 23. Nf4 Nxf5 24. d5 Ng3 25. Rf2 Bd7 26. Rd1 Rad8 27. Qc2 Qe5 28. Qb3 g5 29. dxc6 Bxc6 30. Nfd5 Nf5 31. Rxf5 Qxf5 32. Ne7+ Rxe7 33. Rxd8+ Kg7 34. Qb4 Qe5 35. Ne2 Re8 36. Rd1 a6 37. Nd4 Qd5 38. Rf1 Kg6 39. a3 f6 40. Qd2 Bb5 41. Rc1 Bd3 42. Rc7 b5 43. Qa5 Qa2 44. Qxa6 Qxb2 45. Qc6 Rd8 46. Qe6 Rxd4 47. Qf7+ Kf5 48. Rc5+ Rd5 49. Rxd5+ Qe5 50. Qh7+ 1-0

[Event "Nizhnij Novgorod op"]
[Site "Nizhnij Novgorod"]
[Date "2010.??.??"]
[Round "?"]
[White "Baryshnikova, Natalija"]
[Black "Kudrin, Ivan"]
[Result "1-0"]
[WhiteElo "1728"]
[BlackElo "1857"]
[PlyCount "55"]
[EventDate "2010.10.02"]
[EventType "swiss"]
[EventRounds "9"]
[EventCountry "RUS"]
[SourceTitle "EXT 2011"]
[Source "ChessBase"]
[SourceDate "2010.11.26"]
[SourceVersion "1"]
[SourceVersionDate "2010.11.26"]
[SourceQuality "1"]

1. Nf3 Nf6 2. g3 d5 3. Bg2 Nbd7 4. 0-0 e5 5. d3 c6 6. Nbd2 Bd6 7. e4 d4 8. Nc4 Bc7 9. Bg5 b5 10. Ncd2 h6 11. Bxf6 Nxf6 12. h3 Be6 13. Nh4 g6 14. Nb3 Qc8 15. Kh2 Bd6 16. Qd2 Qd8 17. c3 Nh5 18. cxd4 exd4 19. e5 Bxe5 20. Bxc6+ Kf8 21. Nf3 Bxg3+ 22. fxg3 Qd6 23. Qg2 Qxc6 24. Nbxd4 Qe8 25. Nxe6+ fxe6 26. Ne5+ Ke7 27. Qb7+ Kd6 28. Nf7+ 1-0

[Event "Nizhnij Novgorod-ch FL"]
[Site "Nizhnij Novgorod"]
[Date "2009.11.14"]
[Round "?"]
[White "Yezerskaja, Anastasija"]
[Black "Kudrin, Ivan"]
[Result "0-1"]
[WhiteElo "1486"]
[BlackElo "1881"]
[PlyCount "58"]
[EventDate "2009.11.14"]
[EventType "swiss"]
[EventRounds "9"]
[EventCountry "RUS"]
[SourceTitle "EXT 2022"]
[Source "ChessBase"]
[SourceDate "2021.10.06"]
[SourceVersion "1"]
[SourceVersionDate "2021.10.06"]
[SourceQuality "1"]

1. e4 c5 2. Nf3 d6 3. d4 cxd4 4. Nxd4 Nf6 5. Nc3 a6 6. Be2 e5 7. Nb3 b5 8. Bg5 Be7 9. Bxf6 Bxf6 10. Nd5 Bg5 11. 0-0 Be6 12. Bg4 0-0 13. Bf3 Nd7 14. Qe2 Rc8 15. Rfd1 Nb6 16. Nxb6 Qxb6 17. Qd3 Rfd8 18. Nd2 Rc6 19. c3 b4 20. cxb4 Qxb4 21. b3 Rc3 22. Qxa6 Bxd2 23. Rxd2 Rxf3 24. Rad1 Rc3 25. h3 h6 26. Rxd6 Rxd6 27. Rxd6 Rc1+ 28. Kh2 Qxe4 29. a4 Qf4+ 0-1

[Event "Nizhnij Novgorod-ch 61st"]
[Site "Nizhnij Novgorod"]
[Date "2009.03.??"]
[Round "?"]
[White "Zaitsev, Alexander"]
[Black "Kudrin, Ivan"]
[Result "0-1"]
[WhiteElo "2375"]
[BlackElo "1890"]
[PlyCount "44"]
[EventDate "2009.03.06"]
[EventType "swiss"]
[EventRounds "9"]
[EventCountry "RUS"]
[SourceTitle "EXT 2010"]
[Source "ChessBase"]
[SourceDate "2010.11.25"]
[SourceVersion "1"]
[SourceVersionDate "2010.11.25"]
[SourceQuality "1"]

1. e4 c5 2. Nf3 d6 3. d4 cxd4 4. Nxd4 Nf6 5. Nc3 a6 6. Be2 e5 7. Nb3 b5 8. Bg5 Nbd7 9. 0-0 Be7 10. a4 b4 11. Nd5 Bb7 12. Nxb4 Bxe4 13. Bxf6 Nxf6 14. Nxa6 0-0 15. Nb4 Rb8 16. c3 Ba8 17. Qc2 d5 18. Bb5 Qc8 19. Na5 Bxb4 20. Nc6 Bxc6 21. Bxc6 Qxc6 22. Qe2 Bd6 0-1

[Event "Uljanovsk Privolje op"]
[Site "Uljanovsk"]
[Date "2009.02.04"]
[Round "8"]
[White "Marin, Denis"]
[Black "Kudrin, Ivan"]
[Result "0-1"]
[WhiteElo "1956"]
[BlackElo "1890"]
[PlyCount "77"]
[EventDate "2009.01.31"]
[EventType "swiss"]
[EventRounds "9"]
[EventCountry "RUS"]
[SourceTitle "EXT 2022"]
[Source "ChessBase"]
[SourceDate "2021.10.06"]
[SourceVersion "1"]
[SourceVersionDate "2021.10.06"]
[SourceQuality "1"]

1. g4 d5 2. Bg2 Bxg4 3. c4 e6 4. Qb3 Nf6 5. cxd5 exd5 6. Qxb7 Nbd7 7. Nc3 Nb6 8. Qa6 Be7 9. d4 0-0 10. Bg5 c6 11. Qd3 Re8 12. Nf3 Qc8 13. Ne5 Bf5 14. Qd1 Ng4 15. Bxe7 Rxe7 16. Nxg4 Bxg4 17. 0-0 Qf5 18. f3 Bh3 19. b3 Qg5 20. Rf2 Bxg2 21. Rxg2 Qe3+ 22. Kh1 Qxc3 23. Qg1 g6 24. Rc1 Qe3 25. Qd1 Rc8 26. a4 Nd7 27. b4 Nf6 28. b5 Rec7 29. Rg1 Nh5 30. Rxc6 Rxc6 31. bxc6 Rxc6 32. Qb1 Nf4 33. h4 Nxe2 34. Qb8+ Kg7 35. Rg2 Rc1+ 36. Kh2 Nxd4 37. Qg3 Nxf3+ 38. Kh3 Rh1+ 39. Kg4 0-1